Emotional intelligence (Record no. 222897)
[ view plain ]
| 000 -LEADER | |
|---|---|
| fixed length control field | 01063nam a22002417a 4500 |
| 005 - DATE AND TIME OF LATEST TRANSACTION | |
| control field | 20220512143123.0 |
| 008 - FIXED-LENGTH DATA ELEMENTS--GENERAL INFORMATION | |
| fixed length control field | 220512b ||||| |||| 00| 0 eng d |
| 020 ## - INTERNATIONAL STANDARD BOOK NUMBER | |
| International Standard Book Number | 053384007x |
| 040 ## - CATALOGING SOURCE | |
| Transcribing agency | Aloy |
| 041 ## - LANGUAGE CODE | |
| Language code of text/sound track or separate title | eng |
| 082 ## - DEWEY DECIMAL CLASSIFICATION NUMBER | |
| Edition number | 23 |
| Classification number | 152.4 |
| Item number | GOLE |
| 100 ## - MAIN ENTRY--PERSONAL NAME | |
| Personal name | Daniel Goleman |
| 100 ## - MAIN ENTRY--PERSONAL NAME | |
| 9 (RLIN) | 36382 |
| 245 ## - TITLE STATEMENT | |
| Title | Emotional intelligence |
| 260 ## - PUBLICATION, DISTRIBUTION, ETC. | |
| Place of publication, distribution, etc. | New York |
| Name of publisher, distributor, etc. | Bantam Books |
| Date of publication, distribution, etc. | 1996 |
| 300 ## - PHYSICAL DESCRIPTION | |
| Extent | xv,413p. |
| Other physical details | PB |
| Dimensions | 17x10cm |
| 365 ## - TRADE PRICE | |
| Source of price type code | Psychology |
| Price amount | 7.50 |
| Currency code | $ |
| Unit of pricing | 7.50 |
| 520 ## - SUMMARY, ETC. | |
| Summary, etc. | The book was originally presented in 5 parts on the emotional brain, emotional intelligence, applications, societal influences and emotional literacy. In our full Emotional Intelligence summary, you’ll find these insights consolidated into 4 sections to explain the biology and neurology behind emotions, the dangers of emotional illiteracy, and how to develop emotional intelligence for better outcomes. Here are some key highlights. |
| 650 ## - SUBJECT ADDED ENTRY--TOPICAL TERM | |
| Topical term or geographic name entry element | Emotions |
| 9 (RLIN) | 36383 |
| 650 ## - SUBJECT ADDED ENTRY--TOPICAL TERM | |
| Topical term or geographic name entry element | Psychology |
| 9 (RLIN) | 36384 |
| 650 ## - SUBJECT ADDED ENTRY--TOPICAL TERM | |
| Topical term or geographic name entry element | Emotional Brain |
| 9 (RLIN) | 36385 |
| 700 ## - ADDED ENTRY--PERSONAL NAME | |
| Personal name | GOLEMAN (Daniel) |
| 9 (RLIN) | 36386 |
| 942 ## - ADDED ENTRY ELEMENTS (KOHA) | |
| Source of classification or shelving scheme | Dewey Decimal Classification |
| Koha item type | George Fernandes Collections |
| Withdrawn status | Lost status | Source of classification or shelving scheme | Damaged status | Not for loan | Collection code | Home library | Current library | Date acquired | Total Checkouts | Full call number | Barcode | Date last seen | Price effective from | Koha item type |
|---|---|---|---|---|---|---|---|---|---|---|---|---|---|---|
| Dewey Decimal Classification | Psychology | St Aloysius Library | St Aloysius Library | 03/24/2013 | 152.4 GOLE | GF02331 | 05/12/2022 | 05/12/2022 | George Fernandes Collections |